|
|
|
|
| LEADER |
00000nam a22000007a 4500 |
| 005 |
20201230221330.0 |
| 007 |
cr|||| |||| |
| 008 |
201230s2015 br |||||s|||| 00||0 por d |
| 020 |
|
|
|a 978-85-8248-028-1
|
| 035 |
|
|
|a 32481
|
| 040 |
|
|
|a vLex
|
| 090 |
|
|
|c 11031
|d 11031
|
| 100 |
1 |
|
|a Passamani Machado, Marcelo
|
| 245 |
1 |
0 |
|a Controle de Constitucionalidade das Leis
|h [Recurso electrn̤ico] :
|b Efeitos de suas decise̳s /
|c Marcelo Passamani Machado
|
| 256 |
|
|
|a Servicio en ln̕ea
|
| 260 |
|
|
|a San Pablo:
|b Letras Jurídicas Editora,
|c 2015
|
| 300 |
|
|
|a 1 recurso electrn̤ico
|
| 500 |
|
|
|a A obra ren︢e, em cinco importantes capt̕ulos, estudos dos Efeitos das Decise̳s no Controle de Constitucionalidade, numa linguagem objetiva e direta, o que certamente ser ̀uma contribuiȯ̂ t︢il na formaȯ̂ acadm̊ica e tambm̌ na atuaȯ̂ profissional dos operadores da r̀ea jurd̕ica.
|
| 506 |
1 |
|
|a Disponible solo en los productos indicados
|d vLex Global
|d vLex Global (Academic Edition, excluding Law Schools)
|d vLex Global (U.S. Academic Edition, Law Schools)
|d vLex Global (U.S. Academic Edition, excluding Law Schools)
|d vLex Global (Academic Edition, Law Schools)
|
| 650 |
0 |
4 |
|a Derecho Constitucional
|z Brasil
|
| 740 |
0 |
|
|a vLex Libros (Servicio en ln̕ea)
|
| 856 |
4 |
0 |
|u http://vlex.com/source/controle-de-constitucionalidade-das-leis-efeitos-de-suas-decis-es-32481
|z Acceso restringido
|
| 942 |
|
|
|c BOOK
|
| 999 |
0 |
|
|a Constitutional right
|